Lexicon philosophicum: quaderni di terminologia filosofica e storia delle idee, 8-9-1996

Αποθηκεύτηκε σε:
Λεπτομέρειες βιβλιογραφικής εγγραφής
Κύριος συγγραφέας: Lamarra, Antonio (Συγγραφέας)
Μορφή: Βιβλίο
Γλώσσα:Ιταλικά
Γαλλικά
Γερμανικά
Έκδοση: Florencia Leo S. Olschki 1996
Σειρά:Lessico Intellettuale Europeo, 69. Quaderni, 8-9
Θέματα:
Ετικέτες: Προσθήκη ετικέτας
Δεν υπάρχουν, Καταχωρήστε ετικέτα πρώτοι!

MARC

LEADER 00000nam a2200000 a 4500
001 UCL4602
003 CL-VaPUC
008 040116e19960000IT |||||||||||||||||ita|d
020 |a 8822244680 
041 0 7 |a ita  |2 CL-VaPUC 
041 0 7 |a fre  |2 CL-VaPUC 
041 0 7 |a ger  |2 CL-VaPUC 
082 0 4 |a 100  |b LAM  |2 21 
100 |a Lamarra, Antonio  |e author  |9 482207 
245 1 0 |a Lexicon philosophicum: quaderni di terminologia filosofica e storia delle idee, 8-9-1996 
300 |a 337 p 
942 |c BK 
945 |d 20040116 00:00:00  |a cmena 
260 |a Florencia  |b Leo S. Olschki  |c 1996 
500 |a Fondo Fomento Actualización Docente 
650 0 |a Filosofía   |9 223554 
650 0 |a Glosarios  |9 261047 
650 0 |a Escuelas filosóficas   |9 266232 
650 0 |a Historia de la filosofía  |9 256920 
583 |a last modification  |c 20040116 00:00:00  |k Rodrigo Vera 
490 0 |a Lessico Intellettuale Europeo, 69. Quaderni, 8-9 
999 |c 307422  |d 307420 
952 |0 0  |1 0  |4 0  |6 100_000000000000000_LAM_1996  |7 0  |8 DER_TF  |9 373373  |a BIBDER  |b BIBDER  |d 2019-11-21  |i 398284K  |o 100 LAM 1996  |p 398284K  |r 2023-01-25  |w 2019-11-21  |x Ubicación 4to Piso  |y BK_X  |z Estos recursos deben solicitarse con anticipación  |k DER